Sports Quiz

Random Sports or MLB Quiz
Score 0/20 Timer 10:00
0 Plays Today
Rank Player % Correct
2Ty Cobb
98.1%
6Tris Speaker
66.9%
3Honus Wagner
65.6%
1Sam Crawford
59.4%
19Stan Musial
46.3%
12Eddie Collins
40%
10Paul Waner
39.4%
13Ed Delahanty
30.6%
14Sam Rice
21.3%
8Dan Brouthers
19.4%
Rank Player % Correct
9Joe Kelly
15%
15Edd Roush
15%
19Rabbit Maranville
15%
4Jake Beckley
14.4%
15Jesse Burkett
14.4%
7Fred Clarke
13.8%
11Bid McPhee
9.4%
18Buck Ewing
9.4%
15Ed Konetchy
5.6%
5Rodger Conner
3.8%

You're not logged in!

Compare scores with friends on all Sporcle quizzes.
OR
Log In

Sporcle TV

Today on Sporcle TV


Watch our educational content, quiz creation guides, and fun videos on Sporcle TV.

Show Comments

Extras

Top Quizzes Today


Score Distribution

Paid Content

Your Account Isn't Verified!

In order to create a playlist on Sporcle, you need to verify the email address you used during registration. Go to your Sporcle Settings to finish the process.

Report this User

Report this user for behavior that violates our Community Guidelines.

Details: